'A' for Anatomy Quiz Stats

Quiz Updated Apr 21, 2017

Challenge
Share
Tweet
Embed
Score 0/20 Timer 06:00
8 Plays Today
% Correct
Anus
88.8%
Ankle
88.4%
Adrenal
84.3%
Areola
83.7%
Appendix
83.6%
Aorta
81.8%
Anvil
75.6%
Adipose
74.9%
Artery
73.6%
Alveolus
73.2%
% Correct
Aqueous
72.4%
Atrium
71.8%
Axon
66.4%
Amygdala
63.2%
Arytenoid
50.5%
Axilla
46.9%
Atlas
43.1%
Axis
38.3%
Ampulla
35.6%
Adventitia
34.9%

You're not logged in!

Compare scores with friends on all Sporcle quizzes.
Sign Up with Email
OR
Log In

You Might Also Like...

Show Comments

Extras

Top Quizzes Today


Score Distribution

Your Account Isn't Verified!

In order to create a playlist on Sporcle, you need to verify the email address you used during registration. Go to your Sporcle Settings to finish the process.

Report this User

Report this user for behavior that violates our Community Guidelines.

Details: